| 000 | 00527nam a2200181 4500 | ||
|---|---|---|---|
| 001 | sa 65002255 | ||
| 003 | DLC | ||
| 005 | 20260227112115.0 | ||
| 008 | 950620s1963 br a 000 0 buro | ||
| 010 | _asa 65002255 //r95 | ||
| 040 |
_aDLC _cDLC _dDLC |
||
| 050 | 0 | 0 |
_aPL3988.T52 _bB4 |
| 100 | 0 | 0 |
_aThein Han, _cU, _d1908- |
| 245 | 1 | 0 |
_aBei da lān kạbya myā. _b[yēu thu] Zawgyi. |
| 260 | 0 |
_a[Yan kon] _bYan kon Takkạtho Kạlaung Ạ thīn, _c1963. |
|
| 300 |
_a4 [i.e. 41] p. _bcol. illus. _c18 cm. |
||
| 500 | _aIn Burmese. | ||
| 999 |
_c62551 _d62551 |
||